zpět

Detail výsledku týmu

Chicago Bar & Grill ÚT, Liberec

Datum a čas kvízu

37 Celkem bodů Celkový počet nahraných bodů na tomto kvízu bez doplňovacích otázek.
1. Pořadí na kvízu Konečné umístění týmu na tomto kvízu.

Zaznamenané odpovědi

# Otázka Odpověď Body Výsledky
1. V pražské zoo se samici jménem... B) vombat 1
2. V jihoitalské Apulii se konal... papeže 0
3. Minulý týden vyšel první video... Monkey Business 1
4. V Ostravě se minulý týden kona... jezdí na baterky (akumulátory) 0
5. Zastupitelé nejmenovaného měst... Havířov, David Pastrňák 1
6. Téma začneme u Arnolda Schwarz... Olympia, Universe 1
7. George Weah byl v letech 2018... AC Milán 0
8. Ve kterém sportu reprezentoval... skoky na lyžích 1
9. Také hokejisty to táhne po kon... mistrovství světa, olympijské hry, Stanley Cup 1
10. Pavel Bém je bývalým pražským... lékař (psychiatr) 1